000 00287nam a22001337a 4500
008 170306b xxu||||| |||| 00| 0 eng d
020 _a9780130663900
041 _aeng
080 _24TH
_a611
100 _a6
101 _aSHM
245 _aHUMAN ANATOMY
_cMARTINI, F.H
942 _2udc
_cBK
999 _c6924
_d6924